<?xml version='1.0' encoding='UTF-8'?>
  <record xmlns="http://www.loc.gov/MARC21/slim">
    <leader>00000cam a2200000 i 4500</leader>
    <controlfield tag="001">ocm66298787</controlfield>
    <controlfield tag="003">OCoLC</controlfield>
    <controlfield tag="005">20240202180208.2</controlfield>
    <controlfield tag="008">931104s1581    gw            000 0 lat d</controlfield>
    <datafield tag="040" ind1=" " ind2=" ">
      <subfield code="a">NLGGC</subfield>
      <subfield code="b">dut</subfield>
      <subfield code="e">fobidrtb</subfield>
      <subfield code="c">NLGGC</subfield>
      <subfield code="d">QGJ</subfield>
      <subfield code="d">OCLCQ</subfield>
      <subfield code="d">OCLCA</subfield>
      <subfield code="d">OCLCL</subfield>
    </datafield>
    <datafield tag="029" ind1="0" ind2=" ">
      <subfield code="a">NLGGC</subfield>
      <subfield code="b">112074324</subfield>
    </datafield>
    <datafield tag="035" ind1=" " ind2=" ">
      <subfield code="a">(OCoLC)66298787</subfield>
    </datafield>
    <datafield tag="100" ind1="0" ind2=" ">
      <subfield code="a">Helmold,</subfield>
      <subfield code="c">von Bosau,</subfield>
      <subfield code="d">ca. 1120-ca. 1177.</subfield>
      <subfield code="1">https://id.oclc.org/worldcat/entity/E39PBJkp9k7374bhdd9yr7GGpP</subfield>
    </datafield>
    <datafield tag="245" ind1="1" ind2="0">
      <subfield code="a">Chronica Slauorum, sev Annales Helmoldi, presbyteri Bvzoviensis in agro Lvbecensi: hisqve svbiectvm derelictorum Supplementum Arnoldi Abbatis Lubecensis /</subfield>
      <subfield code="c">quæ omnia è diligenti codicum manuscriptorum ... restituta, &amp; ... adaucta sunt opera &amp; studio Reineri Reineccii Steinhemii ; in fine adiecimus Appendicem tergeminam, de communibus gentium Germanicarum ... ; cvm svbiecto indice ; accessit item Historia de vita Henrici IIII. Imp. &amp; Hiltebrandi Pont. Rom. cognomento Gregorij VII.</subfield>
    </datafield>
    <datafield tag="246" ind1="3" ind2=" ">
      <subfield code="a">Chronica Slavorum, seu Annales Helmoldi, presbyteri Buzoviensis in agro Lubecensi</subfield>
    </datafield>
    <datafield tag="260" ind1=" " ind2=" ">
      <subfield code="a">Francofvrti :</subfield>
      <subfield code="b">Apud Andream Wechelum,</subfield>
      <subfield code="c">1581.</subfield>
    </datafield>
    <datafield tag="300" ind1=" " ind2=" ">
      <subfield code="a">[xii], 233, [6], 55 p. ;</subfield>
      <subfield code="c">35 cm</subfield>
    </datafield>
    <datafield tag="336" ind1=" " ind2=" ">
      <subfield code="a">tekst</subfield>
      <subfield code="b">txt</subfield>
      <subfield code="2">rdacontent/dut</subfield>
    </datafield>
    <datafield tag="337" ind1=" " ind2=" ">
      <subfield code="a">zonder medium</subfield>
      <subfield code="b">n</subfield>
      <subfield code="2">rdamedia/dut</subfield>
    </datafield>
    <datafield tag="338" ind1=" " ind2=" ">
      <subfield code="a">band</subfield>
      <subfield code="b">nc</subfield>
      <subfield code="2">rdacarrier/dut</subfield>
    </datafield>
    <datafield tag="500" ind1=" " ind2=" ">
      <subfield code="a">"Historia de vita imp. caes. Henrici IIII Aug. et Hiltebrandi, pontificis Rom. cognomento Gregorii VII circa ea tempora, quibus uterque vixit, conscripta." met afz. titelblad en paginering.</subfield>
    </datafield>
    <datafield tag="510" ind1="4" ind2=" ">
      <subfield code="a">Adams,</subfield>
      <subfield code="c">H190</subfield>
    </datafield>
    <datafield tag="510" ind1="4" ind2=" ">
      <subfield code="a">Grässe,</subfield>
      <subfield code="c">III, 237, note</subfield>
    </datafield>
    <datafield tag="510" ind1="4" ind2=" ">
      <subfield code="a">VD 16,</subfield>
      <subfield code="c">H 1791</subfield>
    </datafield>
    <datafield tag="600" ind1="0" ind2="4">
      <subfield code="a">Heinrich</subfield>
      <subfield code="b">IV,</subfield>
      <subfield code="c">keizer van het Duitse Rijk,</subfield>
      <subfield code="d">1050-1106.</subfield>
      <subfield code="0">(NL-LeOCL)067465447</subfield>
    </datafield>
    <datafield tag="600" ind1="0" ind2="4">
      <subfield code="a">Gregorius</subfield>
      <subfield code="b">VII,</subfield>
      <subfield code="c">paus,</subfield>
      <subfield code="d">ca. 1015-1085.</subfield>
      <subfield code="0">(NL-LeOCL)069878463</subfield>
    </datafield>
    <datafield tag="700" ind1="1" ind2=" ">
      <subfield code="a">Reineccius, Reinerus</subfield>
      <subfield code="q">(Reiner),</subfield>
      <subfield code="d">1541-1595.</subfield>
      <subfield code="1">https://id.oclc.org/worldcat/entity/E39PBJvCRb4MDKvQr44cyW6tKd</subfield>
    </datafield>
    <datafield tag="700" ind1="0" ind2=" ">
      <subfield code="a">Arnold,</subfield>
      <subfield code="c">von Lübeck,</subfield>
      <subfield code="d">-ca. 1211/14.</subfield>
      <subfield code="1">https://id.oclc.org/worldcat/entity/E39PBJxCyyRxtVpKDgB8P4VwG3</subfield>
    </datafield>
    <datafield tag="710" ind1="0" ind2=" ">
      <subfield code="a">Wechel, Andreas (Frankfort a.M.)</subfield>
      <subfield code="4">prt</subfield>
      <subfield code="0">(NL-LeOCL)077153383</subfield>
    </datafield>
    <datafield tag="758" ind1=" " ind2=" ">
      <subfield code="a">Cronica Slavorum (Text)</subfield>
      <subfield code="1">https://id.oclc.org/worldcat/entity/E39PCGYxKW7ppx4mRRfXy77KtX</subfield>
      <subfield code="4">https://id.oclc.org/worldcat/ontology/hasWork</subfield>
    </datafield>
  </record>